Statistics for Analogies to a Word

Click here to take the quiz!

General Stats

  • This quiz has been taken 40 times
  • The average score is 6 of 11

Answer Stats

HintAnswer% Correct
pH 10 is to base
pH 1 is to
Acid
79%
Goal is to Puck
Hoop is to
Basketball
79%
Chips are to bag
Milk is to
Carton
79%
Plane is to takeoff
Rocket is to
Launch
64%
Athena is to Greek
Minerva is to
Roman
64%
Russia is to Moscow
Uganda is to
Kampala
45%
Sodium Chloride is to salt
Iron Oxide is to
Rust
39%
USA is to Dollar
China is to
Yuan
39%
Prunus is to Prune
Indigofera is to
Indigo
27%
AnswerBRICKLAYER
21%
Sonic is to Hedgehog
Knuckles is to
Echidna
18%

Score Distribution

Percentile by Number Answered

Percent of People with Each Score

Your Score History

You have not taken this quiz